[Event "XXXI Open"]
[Site "Barbera del Valles SPA"]
[Date "2008.07.07"]
[Round "3"]
[White "Corrales Jimenez, F."]
[Black "Gomez Jurado, L."]
[Result "1-0"]
[WhiteElo "2504"]
[BlackElo "2299"]
[PlyCount "69"]
[EventDate "2008.07.04"]
[Source "www.chesslib.no"]
[SourceDate "2004.05.04"]

1. e4 c5 2. Nf3 Nc6 3. d4 cxd4 4. Nxd4 Qb6 5. Nb3 Nf6 6. Be3 Qc7 7. Nc3 e6 8. f3 a6 9. Qd2 Be7 10. O-O-O b5 11. g4 h6 12. h4 Ne5 13. Qf2 Rb8 14. Ba7 Rb7 15. Bd4 d6 16. Rg1 Nc6 17. Be3 Ne5 18. g5 hxg5 19. hxg5 Nh5 20. f4 Nc4 21. Bxc4 bxc4 22. Nd2 Qc6 23. g6 Bf6 24. e5 dxe5 25. Nde4 exf4 26. Nd6+ Kf8 27. Bc5 Rc7 28. Nce4 Be7 29. Nxf7 Bxc5 30. Rd8+ Ke7 31. Qh4+ Nf6 32. Qxh8 Nxe4 33. Qf8+ Kf6 34. Nd6+ Ke5 35. Nxc4# 1-0